| 000 | 01108cad a22002415a 4500 | ||
|---|---|---|---|
| 001 | E143918 | ||
| 008 | 080606s2008 xxk f a000 0 eng d | ||
| 020 | _a9780755916979 | ||
| 035 | _a(Sirsi) u143918 | ||
| 041 | 0 | _aeng | |
| 050 | 0 | 4 | _a658.404 $2 18 |
| 110 | 2 |
_aScotland _bScottish Government _95344 |
|
| 245 | 0 | 0 |
_aTaking forward the Scottish Futures Trust _h[electronic resource] |
| 260 |
_aEdinburgh _bScottish Government _c2008 |
||
| 520 | _aOutlines the remit and responsibilities of the newly created Scottish Futures Trust (SFT). SFT will carry out a range of tasks in relation to public sector infrastructure procurement, including developing national strategies for the funding and delivery of housing, schools, waste and flood defences, and arranging cheaper funding than is available through PFI. | ||
| 521 | _aAdvanced | ||
| 590 | _aKA | ||
| 650 | 2 | 4 | _aSCOTTISH FUTURES TRUST |
| 651 | 4 |
_aScotland _y1999- |
|
| 690 |
_aProcurement _96260 |
||
| 856 | 4 | 0 |
_uhttps://www.scotland.gov.uk/Publications/2008/05/19155435/0 _zView the report free of charge at www.scotland.gov.uk... |
| 942 | _n0 | ||
| 999 |
_c108319 _d108319 |
||